Capitales "voisines" - Statistiques

Statistiques générales
  • Ce quiz a été pris 85 fois
  • Le résultat moyen est 9 sur 20
Statistiques - réponses
Hint Distance Réponse % Correct
Europe 0 Rome
96%
Vatican
96%
Vienne
68%
Europe 55 Bratislava
66%
Kinshasa
65%
Afrique 8 Brazzaville
63%
Europe 82 Helsinki
49%
Tallinn
43%
Asie 85 Beyrouth
41%
Damas
40%
Europe 78 Pristina
38%
Jérusalem
34%
Kingstown
31%
Skopje
31%
Asie 72 Amman
29%
Amérique du Nord 96 Castries
19%
Amérique du Nord 95 Basseterre
18%
Saint John's
18%
Porto-Novo
15%
Afrique 27 Cotonou
10%
Aucun quiz correspondant
Distribution des résultats
% des personnes avec chaque résultat
Percentile par nombre de réponses
Votre historique - résultats
Vous n’avez pas pris ce quiz